| 000 | 01101cam a2200313 a 4500 | ||
|---|---|---|---|
| 999 |
_c10719 _d10719 |
||
| 001 | 4436487 | ||
| 003 | OSt | ||
| 005 | 20200130101123.0 | ||
| 008 | 940802s1995 maua b 001 0 eng | ||
| 010 | _a 94076473 | ||
| 020 | _a0395643953 | ||
| 040 |
_aDLC _coclc _dDLC |
||
| 050 | 0 | 0 |
_aHG221 _b.B36 1995 |
| 082 | 0 | 0 |
_a332.1 _220 _bBAY/M |
| 100 |
_aBaye, Michael R _d1958- _91621 |
||
| 245 | 1 | 0 |
_aMoney, banking, and financial markets : _ban economics approach / _cMichael R. Baye, Dennis W. Jansen. |
| 246 | 1 | 4 | _aMoney, banking & financial markets |
| 260 |
_aBoston : _bHoughton Mifflin, _cc1995. |
||
| 300 |
_a 779p _bill. (some col.) ; _c24 cm. |
||
| 504 | _aIncludes bibliographical references and index. | ||
| 650 | 0 | _aMoney. | |
| 650 | 0 | _aBanks and banking. | |
| 650 | 0 | _aCapital market. | |
| 650 | 0 | _aMonetary policy. | |
| 700 | 1 |
_aJansen, Dennis W. _91660 |
|
| 906 |
_a7 _bcbc _corignew _d3 _eopcn _f19 _gy-gencatlg |
||
| 942 |
_2ddc _cBK _h332.1 _iBAY/M _k332.1 _mBAY/M |
||